<?xml version="1.0" encoding="UTF-8"?>
<record
    xmlns:xsi="http://www.w3.org/2001/XMLSchema-instance"
    xsi:schemaLocation="http://www.loc.gov/MARC21/slim http://www.loc.gov/standards/marcxml/schema/MARC21slim.xsd"
    xmlns="http://www.loc.gov/MARC21/slim">

  <leader>01521nam a2200157   4500</leader>
  <controlfield tag="001">14014</controlfield>
  <controlfield tag="005">20260129122202.0</controlfield>
  <datafield tag="010" ind1=" " ind2=" ">
    <subfield code="a">9782842609863</subfield>
  </datafield>
  <datafield tag="090" ind1=" " ind2=" ">
    <subfield code="a">14014</subfield>
  </datafield>
  <datafield tag="099" ind1=" " ind2=" ">
    <subfield code="o">0</subfield>
  </datafield>
  <datafield tag="100" ind1=" " ind2=" ">
    <subfield code="a">20260129d        u||y0frey50      ba</subfield>
  </datafield>
  <datafield tag="200" ind1=" " ind2=" ">
    <subfield code="a">Bois Brul&#xE9;</subfield>
    <subfield code="b">LIVR</subfield>
  </datafield>
  <datafield tag="214" ind1=" " ind2=" ">
    <subfield code="c">&#xC9;ditions Th&#xE9;&#xE2;trales</subfield>
  </datafield>
  <datafield tag="323" ind1=" " ind2=" ">
    <subfield code="a">20 personnages et plus</subfield>
  </datafield>
  <datafield tag="330" ind1=" " ind2=" ">
    <subfield code="a">Dans les ann&#xE9;es 1990, Karlota quitte mari et enfant pour se construire un lieu &#xE0; elle : au bord de l'oc&#xE9;an, pr&#xE8;s d'une centrale nucl&#xE9;aire, elle b&#xE2;tit seule une maison dont la fa&#xE7;ade, enti&#xE8;rement noire, est son ultime r&#xE9;alisation.
30 ans plus tard, la maison est achet&#xE9;e par Sebastian, compositeur pour le cin&#xE9;ma souffrant d'une maladie chronique, qui souhaite s'isoler pour composer la bande-son
d'un film d'horreur, alors qu'il perd progressivement la vue.
En 2082, un sc&#xE9;nario met en sc&#xE8;ne l'&#xE9;trange maison comme lieu de repli d'un&#xB7;e certain&#xB7;e C&#xE9;leste, d&#xE9;cor postapocalyptique parcouru des fant&#xF4;mes de ses ancien&#xB7;nes habitant&#xB7;es, brouillant les fronti&#xE8;res entre fiction et r&#xE9;alit&#xE9;.
Sur pr&#xE8;s d'un si&#xE8;cle, de sa construction &#xE0; sa destruction, 24 personnages se croisent dans cette b&#xE2;tisse o&#xF9; r&#xE8;gne une atmosph&#xE8;re d'inqui&#xE9;tante &#xE9;tranget&#xE9;. S'inspirant de l'&#x153;uvre et de la vie du cin&#xE9;aste Derek Jarman, Marcos Caram&#xE9;s-Blanco d&#xE9;ploie une dramaturgie aux multiples niveaux de lecture. Il rend un hommage vibrant au genre de l'horreur et &#xE0; la culture populaire, revisitant le motif embl&#xE9;matique de la maison hant&#xE9;e. </subfield>
  </datafield>
  <datafield tag="700" ind1=" " ind2=" ">
    <subfield code="a"> Caram&#xE9;s-Blanco</subfield>
    <subfield code="b">Marcos</subfield>
  </datafield>
  <datafield tag="995" ind1=" " ind2=" ">
    <subfield code="2">0</subfield>
    <subfield code="5">2026-01-29</subfield>
    <subfield code="9">13907</subfield>
    <subfield code="c">JOL</subfield>
    <subfield code="f">JOL-007715</subfield>
    <subfield code="k">TH CAR 20+</subfield>
    <subfield code="o">0</subfield>
    <subfield code="b">JOL</subfield>
    <subfield code="r">LIVR</subfield>
  </datafield>
</record>
